00630nam a22001457a 450000500170000010000790001724500720009626000280016830000100019670000420020694200110024899900170025995201040027695201040038020260629142301.0 aAisha Rajputa21-MSCS-15aSupervisor - Prof.Dr. Mukhtiar Ahmed Memon91048 aHop by Hop Grid Based Energy Efficient Routing Protocol (Thesis MS) aNawabshah bQUESTc2024 a107p. aDepartment of Computer Science 91007 cTHESIS c69101d69098 00104070aRESEARCHbRESEARCHd2026-06-29l0pMP/101-1497r2026-06-29 14:23:27w2026-06-29yTHESIS 00104070aRESEARCHbRESEARCHd2026-06-29l0pMP/101-1498r2026-06-29 14:23:27w2026-06-29yTHESIS